000 01265nam a22002657a 4500
005 20170124103154.0
010 _aB-135686
020 _c250.00
035 _aB-135686
037 _bCen Lib/Ret
040 _aDPL
_bHN
082 _a650.0285
_bगुप्तारे
100 _aगुप्ता, रेनू
_988987
245 _aव्यापर में कंप्यूटर अनुप्रयोग /
_cरेणु गुप्ता ; अनुवादक एवं संपादक गौरव गुप्ता
246 _aVyapar me computer anuprayog /
_bby Renu Gupta ; anuvadak evam sampadak gaurav Gupta
260 _aनयी दिल्ली
_bमहावीर बुक डिपो
_c2005
270 _bनयी दिल्ली
_a2603, नयी सड़क
_e110006
300 _a440पृ.
_c21सेमी(सजिल्द )
650 _aव्यापार
_x
_z
_988988
650 _aव्यापार--कंप्यूटर अनुप्रयोग
_984457
650 _aBusiness
_98513
650 _aBusiness - computer applications
_921456
700 _aगुप्ता, गौरव
_988989
942 _2ddc
_cHN
_h650.0285
_mगुप्तारे
999 _c120173
_d120173